TM players #4 (trackmania) - Statistics

General Stats
  • This quiz has been taken 199 times
  • The average score is 39 of 109
Answer Stats
Hint Answer % Correct
Ice campaigns winner Micka
85%
TMGL Fall 2021 Winner Pac
83%
Has bought a house with subs' money Wirtual
80%
AYAYA Scrapie
72%
Has made content with Ludwig Wirtual
72%
"I always write have fun but never good luck, because even with luck they don't stand a chance" CarlJr
70%
Has replaced riolu in TMGL GranaDy
68%
Czech player known for his ice skills eLconn21
66%
mtat matt
65%
Got his A01-Race WR deleted for cheating Trabadia
65%
Amogus mime
64%
Never assumed cheating riolu
61%
"Your mom has a fucking gear issue" Massa
60%
Got makeup done in live stream by someone else Wirtual
60%
Most amount of COTD wins (at 19:00) in 2021 Scrapie
59%
Have played TMGL Fall 2021 orgless Scrapie / tween
58%
ZRT 2021 winners Aurel / Papou / Gwen
57%
Didn't play TMGL Fall 2021 step 8 CarlJr
57%
TMGL Fall 2021 players that didn't play the World Cup in 2021 GranaDy / Worker / tween
57%
ILOVETRACKMANIAESPORTS CarlJr
55%
Aurel's caster in TMGL Fall 2021 Majijej
51%
LISSEN Massa
51%
American players in TMGL Challenger 2021 Nixotica / Phegley
51%
Elected player of the year 2021 Pac
51%
Has won 4 awards at Trackmania Awards 2021 Wirtual
51%
TMGL Fall 2021 regular season winner Gwen
49%
Promoted to TMGL Spring 2022 mime / Otaaaq
49%
TMGL Challenger Fall 2021 season winner Otaaaq
49%
Non-french speaking top earnings 2021 (17 541,51$) Pac
49%
Nocturnal Trackmania streamer with a camera spinning around him h3llomarc
48%
Has made the best step of his life to get out of the Head to Head zone in TMGL Fall 2021 (step 8) Spam
48%
Turkish streamer turning his bedroom into a nightclub during every stream Birdie
47%
11th in the TMGL Fall 2021 season with multipliers but 3rd if there were no multipliers Bren
46%
Massa's caster in TMGL TrilluXe
46%
Only player to have won 2 Champion medals at Mid Season Invitational 2022 Affi
44%
World Cup 2021 finalists and in Head to Head TMGL Fall 2021 CarlJr / Kappa
44%
Got relegated to Challenger after 4 seasons spent in TMGL tween
44%
Has organized TrackMania Meløy 2022 Eirik Holdal
43%
Kacky Reloaded #2 podium (TM2020) Tres / Tekky / Plastorex
42%
Speedmapping Yannex / Majijej
42%
LFL player (French league of LoL) Badlulu
41%
"journalist" Eirik Holdal
41%
Has won against his all-time friend in Head to Head Fall 2021 Kappa
41%
Has provoked a restart during map 1 of TMGL Fall 2021 step 8 because he had a "icy wheels bug" Massa
41%
His sister saw Techno playing in slow-wo, which has started the cheating suspicions Plastorex
41%
Came completely untrained during TMGL Challenger Fall 2021 ReVoLuTioN
41%
Final Chance TMGL Fall 2021 winner Binks
38%
TMGL Challenger player banned by Nadeo Nixotica
38%
Has validated his Kacky Reloaded map after 64 hours of trying on stream SBVille
38%
Has produced the official Royal skins Schumi
38%
Has announced quitting competitive Trackmania at the end of the TMGL Fall 2021 season Worker
38%
A01-Race WR holder in 23.80 Lackadal
37%
First to 1000 Royal wins Schwabba
36%
Has reached TMGL playoffs (during Fall 2021) for the first time after 5 seasons Massa
35%
Has faced Otaaaq in Head to Head following the TMGL Fall 2021 season evoN
34%
Didn't have a good math teacher according to Phoebe Bren
33%
Official caster of the Trackmania channel during TMGL Challenger GGeek
33%
Fall 2021 campaign winner KarjeN
33%
Legendary Netherlands player that bought the new Trackmania in late 2021 KoenZ
33%
Player that beGenius has chosen to put in TMGL Challenger Fall 2021 NRGZ
33%
Summer 2021 campaign winner Raceta
33%
Kackiest Kacky 7 winner (January2022) Skandear
33%
Speedrun Trackmania AGDQ 2022 Rasta
32%
TMGL player finishing the most amount of Kacky Reloaded 2 maps (TM2020 [67/75] fins) Affi
29%
Finnish player who ended at 17th place in OGL Fall 2021 but participated to the combine thanks to the nationality lock rule Teukka
29%
Racism drama Aynyx
28%
Non-TMGL players reaching the playoffs of the Mid Season Invitational 2022 Razii / tween / evoN / link / Sapi
28%
Have played World Cup 2021 without being in TMGL beforehand Binks / MiQuatro / Dofault / Soulja
27%
Has introduced Trackmania2020 at Lyon eSport together with ZeratoR Hylis
27%
Asia and Oceania Trackmania Championship Winter 2022 winner min2002
27%
French who was at the heart of a controversy about the TMGL cast Nekrua
26%
Most prolific skinner in 2021 anto
25%
Rekkles' teammate Bren
25%
Main architect of the Rubik's Cube map Heasto
25%
Karaoke stream with IRL friends Marius89
25%
Has seen his nickname wrongly written during 3 weeks in TMGL Challenger Otaaq
25%
Top 2 TMGL Open Fall 2021 Skandear / Sapi
24%
Previously dignitas player who came back on TM2020 and finished the British Cup 2021 at 2nd place Sabre
23%
Has had Antoine Griezmann as boss link
22%
TSCC (Trackmania Seasonal Country Championship) Summer 2021 winners Vulnerra / Gwen / Sapi / NRGZ / Otaaaq
22%
Has reached ZLAN 2021 semi-finals Bren
21%
Elected mapper of the year 2021 Keissla
21%
Has announced his withdrawal from TMGL Challenger before the Spring 2022 season NRGZ
21%
MDM's organizer (Mercredi des mappeurs) Bren / Beu
20%
First player to legitimately reach 300 million points on the TM² ladder Loupphok
20%
Plays on stream with a motorbike helmet Mudda
20%
Benelux Cup 2022 winner Aqlx
19%
5th of the TMGL Fall 2021 combine but not qualified due to the nationality lock rule, before getting picked back Snow
19%
First to finish all 75 maps of the Kackiest Kacky 7 Nixion
18%
Has announced his withdrawal from TMGL Challenger at the end of the Fall 2021 season Cap
17%
Made a 1v1 to decide who would be promoted to TMGL Challenger after finishing equal in points during OGL Fall 2021 Dark / Ener
17%
Finished the Fall 2021 combine 129 points away from qualifying (7th place) but got qualified for the next Challenger season thanks to the nationality lock rule Dofault
17%
Has finished 3 times 3rd at Gamers Assembly Tech online in 2021 Feed
17%
Has won his 87th Trackmania cash prize on 07/12/21 Aurel
16%
90th of OGL Fall 2020 and 27th of OGL Winter 2021 according to a TMGL article Phegley
16%
Scary Cow Cup winner Panda
15%
Horn "Again a grass Cup of the Day, fuck off" PauLL
14%
E-sport analyst Phoebe
14%
Gamers Assembly Halloween Edition 2021 winner Barbos
12%
World of Wampus mapper Lentillon
12%
French player that participated and won money in american citizen restricted tournaments TanKRom
12%
Elity Cup 2021 winner Binks
11%
Has won the last tournament in 2021 (Trackmania Holiday Showdown) Yukemaster
11%
Adam's teammate Affi
7%
French player having more than 20 000€ of earnings but only 10€ in Trackmania Wingobear
7%
Has casted tournaments with TheVic and Adz Nekrua
6%
2nd Gamers Assembly Tech Summer Edition 2021 Papou
6%
Acting Efrei Trackmania Cup 2022 Snow / Moutro / Kakkou / Gulldiz
6%
Conan Edogawa Tricky
4%
No matching quizzes found
Score Distribution
Percent of People with Each Score
Percentile by Number Answered
Your Score History
You have not taken this quiz